000 00237nam a2200121Ia 4500
100 _aDept of Humanities
650 _aPhysics
942 _cBK
245 _aApplied Physics- Sem ii
260 _b#N/A
546 _aENGLISH
999 _c19434
_d19434